Vincitori della Coppa delle Coppe - Statistics

Statistiche generali
  • Questo quiz è stato fatto 205 volte
  • Il punteggio medio è 20 su 39
Statistiche sulle risposte
Hint1997 Risposta % Corretto
1983-1984 Juventus
93%
1967-1968 Milan
92%
1972-1973 Milan
92%
1978-1979 Barcellona
81%
1981-1982 Barcellona
81%
1988-1989 Barcellona
81%
1996-1997 Barcellona
81%
1998-1999 Lazio
81%
1990-1991 Manchester United
74%
1992-1993 Parma
72%
1960-1961 Fiorentina
69%
1970-1971 Chelsea
68%
1997-1998 Chelsea
68%
1966-1967 Bayern Monaco
66%
1986-1987 Ajax
63%
1961-1962 Atletico Madrid
63%
1993-1994 Arsenal
61%
1989-1990 Sampdoria
59%
1979-1980 Valencia
59%
1995-1996 Paris Saint-German
58%
1969-1970 Manchester CIty
52%
1965-1966 Borussia Dortmund
51%
1962-1963 Tottenham
46%
1976-1977 Amburgo
40%
1963-1964 Sporting Lisbona
36%
1984-1985 Everton
34%
1975-1976 Anderlecht
32%
1977-1978 Anderlecht
32%
1974-1975 Dinamo Kiev
28%
1985-1986 Dinamo Kiev
28%
1991-1992 Werder Brema
23%
1694-1965 West Ham United
20%
1987-1988 Malines
19%
1982-1983 Aberdeen
17%
1994-1995 Real Saragozza
14%
1973-1974 Magdeburgo
13%
1980-1981 Dinamo Tbilisi
12%
1968-1969 Slovan Bratislava
10%
1971-1972 Rangers Glasgow
8%
Nessun quiz corrispondente trovato
Distribuzione punteggi
Percentuale di utenti per punteggio
Percentile per numero di risposta
I tuoi punteggi nel tempo
Non hai fatto questo quiz